[Event "BCF-chT2a 1314 (4NCL)"]
[Site "England"]
[Date "2013.11.17"]
[Round "2.31"]
[White "Robertson, J Stuart"]
[Black "Jones, Victor GL"]
[Result "0-1"]
[WhiteElo "2084"]
[BlackElo "2231"]
[PlyCount "100"]
[EventDate "2013.11.16"]
[EventType "team-swiss"]
[EventRounds "11"]
[EventCountry "ENG"]
[SourceTitle "CBM 157 Extra"]
[Source "ChessBase"]
[SourceDate "2013.12.19"]
[SourceVersion "1"]
[SourceVersionDate "2013.12.19"]
[SourceQuality "1"]
[WhiteTeam "Cambridge II"]
[BlackTeam "KJCA Kings"]
[WhiteTeamCountry "ENG"]
[BlackTeamCountry "ENG"]

1. d4 e6 2. c4 Nf6 3. Nc3 Bb4 4. f3 c5 5. d5 Nh5 6. g3 d6 7. e4 exd5 8. cxd5 0-0 9. Bg2 f5 10. exf5 Bxf5 11. Nge2 c4 12. Be3 Re8 13. Kf2 Na6 14. Bd4 Bd3 15. Bf1 Bc5 16. Bxc5 Nxc5 17. Kg2 Qf6 18. Qd2 Rf8 19. Ng1 Rae8 20. Bxd3 Nxd3 21. Rf1 b5 22. b3 b4 23. Nce2 Ne5 24. Qd4 Nxf3 25. Qxf6 Rxf6 26. bxc4 Nxg1 27. Nxg1 Re3 28. Rc1 Rf8 29. Rc2 Rfe8 30. Kf2 Re1 31. h3 R8e3 32. Ne2 R3xe2+ 33. Rxe2 Rxh1 34. Kf3 Kf7 35. a3 bxa3 36. Ra2 Rg1 37. g4 Nf6 38. Rxa3 Rc1 39. Rxa7+ Kg6 40. Rc7 Nxd5 41. Rc6 Rc3+ 42. Ke4 Nf6+ 43. Kf4 Rd3 44. g5 Nd7 45. h4 Nc5 46. Kg4 Rd4+ 47. Kf3 Kf5 48. Rc7 Ne6 49. Rd7 Rxh4 50. Rxd6 Nxg5+ 0-1

[Event "BCF-chT2b 1213 (4NCL)"]
[Site "England"]
[Date "2012.11.04"]
[Round "2.71"]
[White "Longson, Alexander"]
[Black "Jones, Victor GL"]
[Result "1-0"]
[WhiteElo "2270"]
[BlackElo "2240"]
[PlyCount "113"]
[EventDate "2012.11.03"]
[EventType "team-tourn"]
[EventRounds "7"]
[EventCountry "ENG"]
[SourceTitle "EXT 2014"]
[Source "ChessBase"]
[SourceDate "2013.11.20"]
[SourceVersion "1"]
[SourceVersionDate "2013.11.20"]
[SourceQuality "1"]
[WhiteTeam "3CS Oldham"]
[BlackTeam "KJCA Kings"]
[WhiteTeamCountry "ENG"]
[BlackTeamCountry "ENG"]

1. d4 e6 2. c4 Nf6 3. Nc3 Bb4 4. Qc2 0-0 5. a3 Bxc3+ 6. Qxc3 h6 7. g3 Re8 8. Bg2 d6 9. e4 e5 10. d5 c6 11. Ne2 b5 12. cxb5 cxd5 13. exd5 Bb7 14. Qb3 e4 15. Nc3 Re5 16. Bf4 Bxd5 17. Nxd5 Rxd5 18. 0-0 Qe8 19. Rfd1 Qxb5 20. Qxb5 Rxb5 21. Rxd6 Nbd7 22. b4 Kf8 23. Rc1 Ke7 24. Rd4 g5 25. Bxe4 Nxe4 26. Rxe4+ Kf6 27. Be3 a5 28. Rc6+ Kf5 29. Re7 Ne5 30. Rc5 Rxc5 31. Bxc5 axb4 32. Bxb4 f6 33. Rc7 Nd3 34. Rc3 Ke4 35. Rc6 f5 36. Re6+ Kd4 37. Rxh6 Rb8 38. h3 Nxb4 39. axb4 Rxb4 40. Rg6 Ke4 41. Rxg5 Ke5 42. g4 Rf4 43. Rxf5+ Rxf5 44. gxf5 Kxf5 45. Kg2 Kf4 46. f3 Kf5 47. Kg3 Kg5 48. f4+ Kh5 49. Kf3 Kg6 50. Kg4 Kf6 51. f5 Kf7 52. Kg5 Kg7 53. f6+ Kf7 54. Kf5 Kf8 55. Kg6 Kg8 56. f7+ Kf8 57. h4 1-0

[Event "BCF-chT3 1112 (4NCL)"]
[Site "England"]
[Date "2012.03.31"]
[Round "7.21"]
[White "Chin, Francis"]
[Black "Jones, Victor GL"]
[Result "1/2-1/2"]
[WhiteElo "2171"]
[BlackElo "2207"]
[PlyCount "111"]
[EventDate "2011.11.12"]
[EventType "team-swiss"]
[EventRounds "11"]
[EventCountry "ENG"]
[SourceTitle "EXT 2013"]
[Source "ChessBase"]
[SourceDate "2012.11.22"]
[SourceVersion "1"]
[SourceVersionDate "2012.11.22"]
[SourceQuality "1"]
[WhiteTeam "Hackney"]
[BlackTeam "KJCA Kings"]
[WhiteTeamCountry "ENG"]
[BlackTeamCountry "ENG"]

1. d4 Nf6 2. Nf3 e6 3. c4 b6 4. g3 Bb4+ 5. Nbd2 Ba6 6. Qc2 c5 7. Bg2 Nc6 8. dxc5 Bxc5 9. 0-0 0-0 10. a3 Be7 11. b4 Bb7 12. Bb2 d6 13. Rad1 Qc7 14. Ne4 Nxe4 15. Qxe4 Ne5 16. Qd4 f6 17. Rc1 Rac8 18. Nxe5 dxe5 19. Qe3 Bxg2 20. Kxg2 a5 21. Qb3 Rfd8 22. Rc2 Qd6 23. bxa5 bxa5 24. Rfc1 Qc5 25. Qb5 Rb8 26. Qa4 Kf7 27. h3 Rb7 28. Bc3 Ra8 29. Ra1 Rc7 30. Bd2 Qd4 31. Re1 Bc5 32. e3 Qe4+ 33. Kg1 Qd3 34. Ra1 h5 35. h4 Kg6 36. Be1 f5 37. Rd2 Qe4 38. Qc2 Qxc2 39. Rxc2 a4 40. Bb4 Rb8 41. Bxc5 Rxc5 42. Rc3 e4 43. Kf1 Kf6 44. Ra2 g5 45. hxg5+ Kxg5 46. Rd2 Kg4 47. Kg2 Rbc8 48. Rd6 h4 49. gxh4 Rxc4 50. Rxc4 Rxc4 51. Rxe6 Kxh4 52. Ra6 Kg4 53. Ra8 Kh4 54. Rf8 Kg4 55. Rg8+ Kh4 56. Rf8 1/2-1/2

[Event "BCF-chT3S 1112 (4NCL)"]
[Site "England"]
[Date "2012.02.11"]
[Round "5.1"]
[White "Lock, Gavin R"]
[Black "Jones, Victor GL"]
[Result "1/2-1/2"]
[WhiteElo "2157"]
[BlackElo "2207"]
[PlyCount "39"]
[EventDate "2011.11.12"]
[EventType "team-swiss"]
[EventRounds "6"]
[EventCountry "ENG"]
[SourceTitle "EXT 2013"]
[Source "ChessBase"]
[SourceDate "2012.11.22"]
[SourceVersion "1"]
[SourceVersionDate "2012.11.22"]
[SourceQuality "1"]
[WhiteTeam "Wessex"]
[BlackTeam "KJCA Kings"]
[WhiteTeamCountry "ENG"]
[BlackTeamCountry "ENG"]

1. d4 e6 2. Nf3 Nf6 3. c4 b6 4. e3 Bb7 5. Bd3 Bb4+ 6. Nbd2 0-0 7. 0-0 d5 8. a3 Bd6 9. b4 c5 10. bxc5 bxc5 11. Rb1 Ba6 12. dxc5 Bxc5 13. Qc2 Qe7 14. cxd5 Bxd3 15. Qxd3 Nxd5 16. Bb2 Rd8 17. Rfc1 Nd7 18. Ne4 Bb6 19. a4 Nc5 20. Nxc5 1/2-1/2

[Event "Coulsdon Jessie Gilbert 4th"]
[Site "Coulsdon"]
[Date "2011.08.27"]
[Round "8"]
[White "Matuszewski, Michal"]
[Black "Jones, Victor GL"]
[Result "1-0"]
[WhiteElo "2325"]
[BlackElo "2153"]
[PlyCount "119"]
[EventDate "2011.08.20"]
[EventType "swiss"]
[EventRounds "9"]
[EventCountry "ENG"]
[SourceTitle "CBM 144 Extra"]
[Source "ChessBase"]
[SourceDate "2011.10.28"]
[SourceVersion "1"]
[SourceVersionDate "2011.10.28"]
[SourceQuality "1"]

1. d4 e6 2. c4 Nf6 3. Nc3 Bb4 4. e3 Ne4 5. Qc2 f5 6. Bd3 0-0 7. f3 Qh4+ 8. g3 Nxg3 9. Qf2 f4 10. e4 Be7 11. hxg3 Qxh1 12. Nce2 fxg3 13. Nxg3 Qh4 14. N1e2 e5 15. Bd2 Bg5 16. dxe5 Nc6 17. f4 Nxe5 18. Bc2 Nxc4 19. Bb3 d5 20. Qc5 Nxd2 21. Bxd5+ Be6 22. Bxe6+ Kh8 23. fxg5 Nxe4 24. Qd4 Nxg5 25. Qxh4 Nf3+ 26. Kd1 Nxh4 27. Kc2 Rae8 28. Bc4 Ng2 29. Bd3 Rf2 30. Rh1 h6 31. Kc3 Re3 32. Kd2 Re6 33. Rc1 Nf4 34. Rxc7 g5 35. Rc8+ Kg7 36. Rc7+ Kf6 37. Rh7 Ke5 38. Bc4 Rc6 39. b3 Rf3 40. Re7+ Kf6 41. Rxb7 Ke5 42. Rb5+ Kd6 43. Nd4 Rf2+ 44. Ke3 Rxa2 45. Ngf5+ Kc7 46. Nxc6 Kxc6 47. Nxh6 Ng2+ 48. Ke4 a5 49. Rxg5 Ne1 50. Ng4 Nc2 51. Ne5+ Kb6 52. Rg6+ Kc7 53. Kd5 a4 54. Rg7+ Kb6 55. Rg6+ Kc7 56. Kc5 axb3 57. Rg7+ Kc8 58. Be6+ Kb8 59. Nc6+ Ka8 60. Kb6 1-0

[Event "Coulsdon Jessie Gilbert 4th"]
[Site "Coulsdon"]
[Date "2011.08.22"]
[Round "3"]
[White "Snape, Ian L"]
[Black "Jones, Victor GL"]
[Result "1-0"]
[WhiteElo "2250"]
[BlackElo "2153"]
[PlyCount "111"]
[EventDate "2011.08.20"]
[EventType "swiss"]
[EventRounds "9"]
[EventCountry "ENG"]
[SourceTitle "CBM 144 Extra"]
[Source "ChessBase"]
[SourceDate "2011.10.28"]
[SourceVersion "1"]
[SourceVersionDate "2011.10.28"]
[SourceQuality "1"]

1. c4 e6 2. g3 Nf6 3. Nf3 b6 4. d4 Bb7 5. Bg2 Bb4+ 6. Bd2 c5 7. Bxb4 cxb4 8. a3 Qe7 9. Qa4 bxa3 10. Qxa3 Nc6 11. Qxe7+ Kxe7 12. 0-0 d5 13. cxd5 Nxd5 14. Rc1 Rhc8 15. Nbd2 Ndb4 16. Ne5 f6 17. Nxc6+ Bxc6 18. Rc4 a5 19. Rac1 Kd7 20. Bxc6+ Rxc6 21. Rxc6 Nxc6 22. Nc4 Rb8 23. Kf1 b5 24. Na3 b4 25. Nc4 Rb5 26. e3 b3 27. Ra1 Kc7 28. h4 e5 29. dxe5 fxe5 30. Ra3 Rc5 31. Nd2 Rc2 32. Nxb3 Kb6 33. Ra2 Kb5 34. Ke1 a4 35. Na1 Rc1+ 36. Kd2 Rf1 37. Ke2 Rc1 38. b3 axb3 39. Nxb3 Rc3 40. Nd2 Kb6 41. Ne4 Rc1 42. Rd2 Kc7 43. Ng5 Nd8 44. Nxh7 Rc6 45. Ng5 Rd6 46. Rxd6 Kxd6 47. h5 Ke7 48. f4 Kf6 49. Kf3 exf4 50. gxf4 Nc6 51. Kg4 Ne7 52. e4 g6 53. h6 Ng8 54. e5+ Ke7 55. h7 Nh6+ 56. Kf3 1-0

[Event "GBR-ch 98th"]
[Site "Sheffield"]
[Date "2011.08.01"]
[Round "7"]
[White "Jones, Victor GL"]
[Black "Mason, Donald"]
[Result "1-0"]
[WhiteElo "2153"]
[BlackElo "2237"]
[PlyCount "73"]
[EventDate "2011.07.24"]
[EventType "swiss"]
[EventRounds "11"]
[EventCountry "ENG"]
[SourceTitle "CBM 143 Extra"]
[Source "ChessBase"]
[SourceDate "2011.08.29"]
[SourceVersion "1"]
[SourceVersionDate "2011.08.29"]
[SourceQuality "1"]

1. Nf3 d5 2. d4 Nf6 3. c4 c6 4. Nc3 e6 5. Bg5 dxc4 6. e4 b5 7. e5 h6 8. Bh4 g5 9. exf6 gxh4 10. Ne5 Qxf6 11. g3 Nd7 12. Qe2 Bb7 13. Bg2 Bb4 14. Bxc6 Bxc3+ 15. bxc3 Bxc6 16. Nxc6 Nb6 17. Qe4 Nd5 18. Rc1 Rg8 19. 0-0 h5 20. Ne5 Qf5 21. Qxf5 exf5 22. Rfe1 hxg3 23. fxg3 f4 24. Nxc4+ Kf8 25. Nd6 fxg3 26. Re5 Nf4 27. Rf1 gxh2+ 28. Kxh2 Rg2+ 29. Kh1 Rg4 30. Re4 Rd8 31. Nf5 Nd5 32. Re5 Nxc3 33. Re7 Re8 34. Rxa7 f6 35. Nh6 Rh4+ 36. Kg2 Nd5 37. Rf7# 1-0

[Event "BCF-chT3 1011 (4NCL)"]
[Site "England"]
[Date "2011.05.01"]
[Round "10.37"]
[White "Bennett, Patrick"]
[Black "Jones, Victor GL"]
[Result "1/2-1/2"]
[WhiteElo "2060"]
[BlackElo "2119"]
[PlyCount "124"]
[EventDate "2010.11.06"]
[EventType "team-swiss"]
[EventRounds "9"]
[EventCountry "ENG"]
[SourceTitle "EXT 2012"]
[Source "ChessBase"]
[SourceDate "2011.11.24"]
[SourceVersion "1"]
[SourceVersionDate "2011.11.24"]
[SourceQuality "1"]
[WhiteTeam "Holmes Chapel"]
[BlackTeam "KJCA Kings"]
[WhiteTeamCountry "ENG"]
[BlackTeamCountry "ENG"]

1. d4 e6 2. c4 Nf6 3. Nf3 b6 4. g3 Bb7 5. Bg2 Bb4+ 6. Bd2 c5 7. Bxb4 cxb4 8. 0-0 a5 9. Nbd2 0-0 10. Qc2 d6 11. Rac1 Nbd7 12. b3 Qc7 13. e4 e5 14. d5 Bc8 15. Nh4 g6 16. h3 Nc5 17. Kh2 Qe7 18. Rce1 Nh5 19. Ndf3 Bd7 20. Qd2 b5 21. Qh6 bxc4 22. bxc4 f6 23. Nd2 a4 24. Bf3 Ng7 25. Rb1 Rab8 26. Qe3 g5 27. Ng2 f5 28. g4 f4 29. Qe2 Ne8 30. Ne1 Nf6 31. Nd3 Nxd3 32. Qxd3 Rfe8 33. Rb2 Rb7 34. Rfb1 Reb8 35. a3 b3 36. Qc3 Be8 37. Be2 Nd7 38. Rh1 Qd8 39. Kg2 Qb6 40. Rc1 Qc5 41. Nb1 Nf6 42. f3 h5 43. Qe1 hxg4 44. hxg4 Rh7 45. Qg1 Qxg1+ 46. Rxg1 Bd7 47. Rh1 Rxh1 48. Kxh1 Bxg4 49. fxg4 Nxe4 50. Kg2 Ng3 51. Nc3 Nxe2 52. Nxe2 Rc8 53. Kf2 Rxc4 54. Ke1 f3 55. Ng3 Rc1+ 56. Kd2 Rc4 57. Nf5 Kf8 58. Ne3 Rd4+ 59. Kc3 Re4 60. Kd3 Rd4+ 61. Kc3 Re4 62. Kd3 Rd4+ 1/2-1/2

[Event "BCF-chT3 1011 (4NCL)"]
[Site "England"]
[Date "2011.01.15"]
[Round "3.42"]
[White "Almond, Richard"]
[Black "Jones, Victor GL"]
[Result "1/2-1/2"]
[WhiteElo "2145"]
[BlackElo "2119"]
[PlyCount "94"]
[EventDate "2010.11.06"]
[EventType "team-swiss"]
[EventRounds "9"]
[EventCountry "ENG"]
[SourceTitle "EXT 2012"]
[Source "ChessBase"]
[SourceDate "2011.11.24"]
[SourceVersion "1"]
[SourceVersionDate "2011.11.24"]
[SourceQuality "1"]
[WhiteTeam "e2e4.org.uk II"]
[BlackTeam "KJCA Kings"]
[WhiteTeamCountry "ENG"]
[BlackTeamCountry "ENG"]

1. d4 Nf6 2. c4 e6 3. Nc3 Bb4 4. Qc2 0-0 5. a3 Bxc3+ 6. Qxc3 Qe8 7. f3 d5 8. e3 a5 9. b3 c6 10. a4 Na6 11. Ba3 Nb4 12. Nh3 e5 13. dxe5 Bxh3 14. gxh3 Nd7 15. f4 Qe7 16. Rg1 Nc5 17. Bxb4 axb4 18. Qb2 Rad8 19. 0-0-0 b5 20. axb5 dxc4 21. Bxc4 cxb5 22. Bd5 Qc7 23. Kb1 Rxd5 24. Rxd5 Ne4 25. Rd3 Nc3+ 26. Rxc3 bxc3 27. Qg2 g6 28. Qe4 Qa5 29. e6 Qa3 30. exf7+ Rxf7 31. Qe8+ Kg7 32. Qe5+ Rf6 33. Qxc3 b4 34. Qb2 Qa8 35. Qe5 Qa6 36. Rd1 Qc6 37. Rc1 Qe6 38. Rc7+ Kg8 39. Qxe6+ Rxe6 40. Rb7 Rxe3 41. Rxb4 Rxh3 42. Kc2 Rxh2+ 43. Kd3 h5 44. Ke4 Re2+ 45. Kf3 Rc2 46. Rb7 Rc3+ 47. Kg2 h4 1/2-1/2

[Event "GBR-ch 98th"]
[Site "Sheffield"]
[Date "2011.??.??"]
[Round "11"]
[White "Jones, Victor GL"]
[Black "Nelson, Jonathan"]
[Result "1-0"]
[WhiteElo "2153"]
[BlackElo "2204"]
[PlyCount "65"]
[EventDate "2011.07.24"]
[EventType "swiss"]
[EventRounds "11"]
[EventCountry "ENG"]
[SourceTitle "CBM 143 Extra"]
[Source "ChessBase"]
[SourceDate "2011.08.29"]
[SourceVersion "1"]
[SourceVersionDate "2011.08.29"]
[SourceQuality "1"]

1. e4 c5 2. Nf3 Nc6 3. d4 cxd4 4. Nxd4 Nf6 5. Nc3 e5 6. Ndb5 d6 7. Bg5 a6 8. Na3 b5 9. Nd5 Be7 10. Bxf6 Bxf6 11. c4 b4 12. Nc2 a5 13. g3 0-0 14. h4 g6 15. Bh3 Bg7 16. h5 Bxh3 17. Rxh3 Qg5 18. Qd2 Qxd2+ 19. Kxd2 f5 20. Nc7 Rac8 21. Ne6 Rf6 22. Nxg7 Kxg7 23. hxg6 hxg6 24. Rah1 Rcf8 25. Ne3 Rg8 26. Rh7+ Kf8 27. Rc7 Nd8 28. Rhh7 Rf7 29. exf5 Rxh7 30. Rxh7 Nf7 31. Kd3 gxf5 32. Nxf5 Rg4 33. Rxf7+ 1-0

[Event "BCF-chT3 1011 (4NCL)"]
[Site "England"]
[Date "2010.11.06"]
[Round "1.50"]
[White "Savage, Nicholas W"]
[Black "Jones, Victor GL"]
[Result "1/2-1/2"]
[WhiteElo "2134"]
[BlackElo "2116"]
[PlyCount "147"]
[EventDate "2010.11.06"]
[EventType "team-swiss"]
[EventRounds "9"]
[EventCountry "ENG"]
[SourceTitle "CBM 139 Extra"]
[Source "ChessBase"]
[SourceDate "2011.01.05"]
[SourceVersion "1"]
[SourceVersionDate "2011.01.05"]
[SourceQuality "1"]
[WhiteTeam "Iceni"]
[BlackTeam "KJCA Kings"]
[WhiteTeamCountry "ENG"]
[BlackTeamCountry "ENG"]

1. d4 Nf6 2. c4 e6 3. Nc3 Bb4 4. f3 d5 5. a3 Bxc3+ 6. bxc3 c6 7. Qc2 0-0 8. e4 dxe4 9. fxe4 e5 10. Nf3 exd4 11. cxd4 Bg4 12. Be3 c5 13. d5 Re8 14. Bd3 Qe7 15. 0-0 Nxe4 16. Rae1 Bxf3 17. Bc1 Qh4 18. gxf3 Nd6 19. Rxe8+ Nxe8 20. Be3 Nd7 21. Bf5 Ne5 22. f4 Ng4 23. Bxc5 b6 24. Bd4 Nd6 25. Bd3 Rc8 26. Qe2 h5 27. Rc1 Re8 28. Qg2 Re1+ 29. Rxe1 Qxe1+ 30. Qf1 Qd2 31. Qe2 Qxf4 32. Bc3 Qc1+ 33. Be1 Qxa3 34. Bg3 Qc1+ 35. Kg2 Ne3+ 36. Kh3 Ndxc4 37. d6 Nxd6 38. Bxd6 Qc8+ 39. Kg3 Nf5+ 40. Bxf5 Qxf5 41. Qe8+ Kh7 42. Qb8 b5 43. Bc7 a6 44. Qb6 g5 45. Qb8 Kg7 46. Be5+ f6 47. Bd6 h4+ 48. Kg2 Qd7 49. Qf8+ Kg6 50. Qg8+ Kf5 51. Qd5+ Kg6 52. Qg8+ Qg7 53. Qa8 Qf7 54. Qxa6 Qd5+ 55. Kf1 g4 56. Qa3 f5 57. Qc5 Qd1+ 58. Kf2 Qf3+ 59. Ke1 g3 60. hxg3 hxg3 61. Qe5 Qf2+ 62. Kd1 g2 63. Qe8+ Kg5 64. Qd8+ Kg4 65. Qg8+ Kf3 66. Qd5+ Kg4 67. Qg8+ Kh3 68. Qh7+ Qh4 69. Qxf5+ Qg4+ 70. Qxg4+ Kxg4 71. Bc5 Kf4 72. Kc2 Ke4 73. Kb3 Kd5 74. Bg1 1/2-1/2

[Event "4NCL-chT rapid"]
[Site "Newport Pagnell"]
[Date "2010.10.09"]
[Round "1"]
[White "Kosten, Anthony C"]
[Black "Jones, Victor GL"]
[Result "0-1"]
[WhiteElo "2513"]
[BlackElo "2116"]
[PlyCount "96"]
[EventDate "2010.10.09"]
[EventType "team (rapid)"]
[EventRounds "9"]
[EventCountry "ENG"]
[SourceTitle "CBM 138 Extra"]
[Source "ChessBase"]
[SourceDate "2010.10.29"]
[SourceVersion "1"]
[SourceVersionDate "2010.10.29"]
[SourceQuality "1"]

1. Nf3 Nf6 2. c4 e6 3. g3 d5 4. Bg2 Be7 5. b3 0-0 6. 0-0 Nbd7 7. Bb2 c6 8. d3 Bd6 9. Nc3 Qe7 10. e4 dxe4 11. dxe4 e5 12. Nh4 g6 13. a3 a5 14. Qd2 Nc5 15. Rad1 Bc7 16. b4 axb4 17. axb4 Nb3 18. Qg5 Nd5 19. Qh6 Nxb4 20. f4 f6 21. f5 g5 22. Nf3 Qg7 23. Qh5 Bd7 24. Qg4 Be8 25. Nd2 Nd4 26. Ra1 Rxa1 27. Rxa1 Nbc2 28. Ra8 Ne3 29. Qh3 h5 30. Ba3 Kh7 31. g4 Nec2 32. Bxf8 Qxf8 33. Qxh5+ Bxh5 34. Rxf8 Bb6 35. gxh5 Ne6+ 36. Kf1 Nxf8 37. Na4 Bd4 38. Bf3 Nd7 39. Nb3 Ne3+ 40. Ke2 Nxc4 41. Kd3 b5 42. Nxd4 exd4 43. Kxd4 Nce5 44. Bd1 Kh6 45. Ke3 g4 46. h3 Kxh5 47. hxg4+ Kg5 48. Kd4 Nxg4 0-1

[Event "Coulsdon Jessie Gilbert"]
[Site "Coulsdon"]
[Date "2010.08.26"]
[Round "6"]
[White "Jones, Victor GL"]
[Black "Longson, Sarah N"]
[Result "1-0"]
[WhiteElo "2105"]
[BlackElo "2057"]
[PlyCount "64"]
[EventDate "2010.08.21"]
[EventType "swiss"]
[EventRounds "9"]
[EventCountry "ENG"]
[SourceTitle "CBM 138 Extra"]
[Source "ChessBase"]
[SourceDate "2010.10.29"]
[SourceVersion "1"]
[SourceVersionDate "2010.10.29"]
[SourceQuality "1"]

1. e4 c5 2. Nf3 Nc6 3. Bb5 g6 4. Bxc6 dxc6 5. d3 Bg7 6. h3 Nf6 7. Nc3 Nd7 8. Be3 e5 9. Qd2 Qe7 10. Bh6 Bxh6 11. Qxh6 Qf8 12. Qe3 b6 13. Nd2 Qd6 14. Nc4 Qf6 15. a4 Ba6 16. Nd2 0-0 17. 0-0 Kg7 18. Ne2 Qd6 19. Kh1 Rae8 20. f4 exf4 21. Rxf4 Nf6 22. Rh4 h5 23. Nf3 Qe7 24. Ng3 Bc8 25. Qg5 Rh8 26. e5 Nh7 27. Nxh5+ Kg8 28. Qg3 Bf5 29. Rf4 Qe6 30. Nh4 Qxe5 31. Nxf5 Kf8 32. Nh6 Ng5 1-0

[Event "Coulsdon Jessie Gilbert"]
[Site "Coulsdon"]
[Date "2010.08.24"]
[Round "4"]
[White "Jones, Victor GL"]
[Black "Arkell, Keith C"]
[Result "0-1"]
[WhiteElo "2105"]
[BlackElo "2465"]
[PlyCount "144"]
[EventDate "2010.08.21"]
[EventType "swiss"]
[EventRounds "9"]
[EventCountry "ENG"]
[SourceTitle "CBM 138 Extra"]
[Source "ChessBase"]
[SourceDate "2010.10.29"]
[SourceVersion "1"]
[SourceVersionDate "2010.10.29"]
[SourceQuality "1"]

1. e4 c6 2. d4 d5 3. e5 c5 4. dxc5 Nc6 5. Bb5 Qa5+ 6. Nc3 e6 7. Be3 Nge7 8. a3 Nf5 9. b4 Nxe3 10. fxe3 Qc7 11. Nf3 Bd7 12. Bxc6 Bxc6 13. 0-0 Be7 14. Qd4 f5 15. Qf4 0-0 16. Nd4 Bd7 17. Ncb5 Bxb5 18. Nxb5 Qd7 19. Nd4 g6 20. Rad1 Rfe8 21. c4 Bf8 22. cxd5 exd5 23. e6 Qg7 24. g4 fxg4 25. Qxg4 Qe5 26. Rf3 Bg7 27. Rdf1 Re7 28. Rh3 Rf8 29. Rxf8+ Bxf8 30. Rf3 Bg7 31. Qh4 Re8 32. Rh3 h5 33. Rg3 Kh7 34. Rf3 b6 35. c6 a6 36. Qf2 Kh6 37. Kh1 Qe4 38. Kg2 Bxd4 39. exd4 Rxe6 40. Qd2+ g5 41. c7 Rc6 42. Qd3 Rc2+ 43. Kg1 Qxd3 44. Rxd3 Rxc7 45. Re3 Rc6 46. Re5 Rd6 47. a4 h4 48. Re8 Kh5 49. h3 Kg6 50. Ra8 b5 51. axb5 axb5 52. Kg2 Rc6 53. Rd8 Rc2+ 54. Kf3 Rc3+ 55. Kg2 Rg3+ 56. Kh2 Rb3 57. Rd6+ Kh5 58. Rxd5 Rxb4 59. Kg2 Rb2+ 60. Kg1 Kg6 61. Rc5 Rb3 62. Kg2 b4 63. Rb5 Rg3+ 64. Kh2 b3 65. Rc5 Rd3 66. Kg2 Rxd4 67. Rb5 Rd2+ 68. Kf3 Rd3+ 69. Kg2 Rc3 70. Rb6+ Kf5 71. Rb5+ Kf4 72. Rb4+ Ke3 0-1

[Event "Coulsdon Jessie Gilbert"]
[Site "Coulsdon"]
[Date "2010.08.23"]
[Round "3"]
[White "Summerscale, Aaron"]
[Black "Jones, Victor GL"]
[Result "1-0"]
[WhiteElo "2428"]
[BlackElo "2105"]
[PlyCount "97"]
[EventDate "2010.08.21"]
[EventType "swiss"]
[EventRounds "9"]
[EventCountry "ENG"]
[SourceTitle "CBM 138 Extra"]
[Source "ChessBase"]
[SourceDate "2010.10.29"]
[SourceVersion "1"]
[SourceVersionDate "2010.10.29"]
[SourceQuality "1"]

1. d4 Nf6 2. c4 e6 3. Nc3 Bb4 4. f3 c5 5. d5 Nh5 6. Nh3 d6 7. g4 Nf6 8. Bg2 exd5 9. cxd5 0-0 10. Nf2 Nbd7 11. 0-0 Bxc3 12. bxc3 Qa5 13. Bf4 Ne5 14. Bg5 Qxc3 15. Bxf6 gxf6 16. Ne4 Qe3+ 17. Kh1 f5 18. gxf5 Bxf5 19. Nxd6 Bg6 20. Qc1 Qxe2 21. Qxc5 Nd3 22. Qd4 Qe7 23. Ne4 Bxe4 24. fxe4 Ne5 25. Bh3 Ng6 26. d6 Qe5 27. Qxe5 Nxe5 28. Rac1 Rad8 29. Rfd1 Nc6 30. Rc3 Kg7 31. Rg3+ Kf6 32. Rf3+ Ke5 33. Rd5+ Kxe4 34. Rff5 f6 35. Bg2+ Ke3 36. Rf3+ Ke2 37. Kg1 Rde8 38. Rb5 Kd2 39. Rb2+ Kc1 40. Rxb7 Nd4 41. Rd3 Ne2+ 42. Kf1 Nf4 43. Rc7+ Kb2 44. Rb3+ Kxa2 45. Rb4 Re1+ 46. Kxe1 Nd3+ 47. Kd2 Nxb4 48. d7 Rd8 49. Bh3 1-0

[Event "Coulsdon Jessie Gilbert"]
[Site "Coulsdon"]
[Date "2010.08.22"]
[Round "2"]
[White "Jones, Victor GL"]
[Black "Lalic, Bogdan"]
[Result "1/2-1/2"]
[WhiteElo "2105"]
[BlackElo "2491"]
[PlyCount "40"]
[EventDate "2010.08.21"]
[EventType "swiss"]
[EventRounds "9"]
[EventCountry "ENG"]
[SourceTitle "CBM 138 Extra"]
[Source "ChessBase"]
[SourceDate "2010.10.29"]
[SourceVersion "1"]
[SourceVersionDate "2010.10.29"]
[SourceQuality "1"]

1. e4 c5 2. Nf3 Nc6 3. d4 cxd4 4. Nxd4 Qb6 5. Nb5 a6 6. Be3 Qd8 7. N5c3 e6 8. Be2 Nf6 9. Nd2 Bb4 10. 0-0 0-0 11. Nc4 Bxc3 12. bxc3 Nxe4 13. Qd3 d5 14. Nb6 Rb8 15. c4 Nf6 16. Rfb1 Qc7 17. cxd5 Nxd5 18. Nxd5 exd5 19. Qxd5 Be6 20. Qc5 Rfd8 1/2-1/2

[Event "Coulsdon Jessie Gilbert"]
[Site "Coulsdon"]
[Date "2010.08.21"]
[Round "1"]
[White "Madan, Augustin"]
[Black "Jones, Victor GL"]
[Result "0-1"]
[WhiteElo "2352"]
[BlackElo "2105"]
[PlyCount "98"]
[EventDate "2010.08.21"]
[EventType "swiss"]
[EventRounds "9"]
[EventCountry "ENG"]
[SourceTitle "CBM 138 Extra"]
[Source "ChessBase"]
[SourceDate "2010.10.29"]
[SourceVersion "1"]
[SourceVersionDate "2010.10.29"]
[SourceQuality "1"]

1. e4 e6 2. d4 d5 3. Nc3 Bb4 4. exd5 exd5 5. Bd3 Nc6 6. Nge2 Nge7 7. 0-0 Bg4 8. f3 Bf5 9. Ng3 Nxd4 10. Be3 Bxd3 11. Bxd4 Bxf1 12. Bxg7 Rg8 13. Nh5 Rxg7 14. Nxg7+ Kf8 15. Nh5 Bc5+ 16. Kh1 Bc4 17. b3 Ba6 18. Qd2 Qd6 19. Na4 Bb6 20. Nxb6 Qxb6 21. Qg5 Qg6 22. Qe5 Nc6 23. Qh8+ Qg8 24. Qf6 Re8 25. Qh6+ Ke7 26. Nf6 Qg6 27. Nxd5+ Kd8 28. Qh4+ Kc8 29. c4 Re2 30. Rg1 Re5 31. b4 b5 32. Qh3+ Qe6 33. Qxh7 bxc4 34. Nc3 Re1 35. Qh8+ Kb7 36. h4 f6 37. Ne4 Rxe4 38. fxe4 c3 39. Qh5 Nxb4 40. Rc1 Qxa2 41. Qd1 Nd3 42. Qf3 Nxc1 43. e5+ c6 44. exf6 c2 45. f7 Ne2 46. f8Q c1Q+ 47. Kh2 Qg1+ 48. Kh3 Qh1+ 49. Kg4 Qc4+ 0-1

[Event "GBR-ch 97th"]
[Site "Canterbury"]
[Date "2010.08.05"]
[Round "10"]
[White "Jones, Victor GL"]
[Black "Eames, Robert"]
[Result "0-1"]
[WhiteElo "2105"]
[BlackElo "2287"]
[PlyCount "42"]
[EventDate "2010.07.26"]
[EventType "swiss"]
[EventRounds "11"]
[EventCountry "ENG"]
[SourceTitle "CBM 137 Extra"]
[Source "ChessBase"]
[SourceDate "2010.09.01"]
[SourceVersion "1"]
[SourceVersionDate "2010.09.01"]
[SourceQuality "1"]

1. e4 c5 2. Nf3 d6 3. d4 cxd4 4. Nxd4 Nf6 5. Nc3 Nc6 6. Bg5 e6 7. Qd2 a6 8. 0-0-0 Bd7 9. f4 b5 10. e5 dxe5 11. fxe5 Nxe5 12. Qe1 Qc7 13. Bxf6 gxf6 14. Ne4 Be7 15. Qh4 0-0-0 16. Nxf6 Bc6 17. Kb1 Nd7 18. Nxc6 Bxf6 19. Qe4 Nc5 20. Rxd8+ Rxd8 21. Qf3 Ne4 0-1